Top 10 Countries with the Most Mobile Phones per Capita - Statistics

General Stats
  • This quiz has been taken 18 times
  • The average score is 2 of 10
Answer Stats
Ratio Country % Correct
203.7 United Arab Emirates
71%
169.5 Saudi Arabia
59%
172.6 Finland
35%
162.28 Indonesia
18%
245.92 Maldives
18%
167.1 Lithuania
12%
179.3 Sri Lanka
12%
202.5 Panama
6%
156 Costa Rica
0%
180.23 Montenegro
0%
No matching quizzes found
Score Distribution
Percent of People with Each Score
Percentile by Number Answered
Your Score History
You have not taken this quiz